000 00313nam a22001217a 4500
008 180426b xxu||||| |||| 00| 0 eng d
041 _aeng
080 _a043.3
100 _a0
101 _aSHKI-MTH
245 _aAnalizimi i Wireless MESH Networks, Simulimi i performancës me Opnet
_cHyseni,B
942 _2udc
_cBK
999 _c45552
_d45552